| 000 | 00420nam a2200157Ia 4500 | ||
|---|---|---|---|
| 008 | 221030s9999 xx 000 0 und d | ||
| 020 | _a8177227369 | ||
| 041 | _aEnglish | ||
| 082 | _a105.23 | ||
| 100 | _aKogent Solutions Inc. | ||
| 245 | 0 |
_aJAVA 6 Programming Black Book With CD _cby Kogent Solutions Inc. |
|
| 260 |
_bDreamtech Press _aNew Delhi _c2009 |
||
| 300 | _a1583 | ||
| 650 | _aCSE Career Award | ||
| 942 | _cBK | ||
| 999 |
_c6169 _d6169 |
||